Les étoiles du chemin des étoiles de Cannes en 2024 (3) - Statistiques

Statistiques générales
  • Ce quiz a été pris 8 fois
  • Le résultat moyen est 13 sur 41
Statistiques - réponses
Pays Catégorie Activité Prénom et Nom % Correct
France Cinéma Réalisateur & Acteur Edouard {Baer}
88%
France Cinéma Humoriste & Acteur Jamel {Debbouze}
88%
France Cinéma Acteur Gérard {Depardieu}
75%
France Musique Chanteur Johnny {Hallyday}
75%
France Cinéma Réalisateur & Acteur Gérard {Jugnot}
63%
Grèce Cinéma Réalisateur Costa-{Gavras}
50%
Italie Musique Compositeur Ennio {Morricone}
50%
France Cinéma Acteur Lambert {Wilson}
50%
France Cinéma Réalisateur Luc {Besson}
50%
France Cinéma Humoriste & Acteur Ramzy {Bedia}
50%
Italie Cinéma Actrice Claudia {Cardinale}
38%
France Cinéma Actrice Emmanuelle {Béart}
38%
France Cinéma Acteur Jean-Louis {Trintignant}
38%
France Musique Compositeur Jean-Michel {Jarre}
38%
France Cinéma Acteur Jean-Paul {Belmondo}
38%
France Cinéma Acteur & Chanteur Patrick {Bruel}
38%
Italie Cinéma Réalisateur Francesco {Rosi}
25%
France Cinéma Acteur Gérard {Lanvin}
25%
Italie Cinéma Actrice Gina {Lollobrigida}
25%
Italie Cinéma Actrice Isabella {Rossellini}
25%
France Cinéma Acteur Jean-Claude {Brialy}
25%
France Cinéma Acteur Jean {Marais}
25%
France Cinéma Acteur Jean {Rochefort}
25%
Italie Cinéma Réalisateur Michelangelo {Antonioni}
25%
France Cinéma Actrice Micheline {Presle}
25%
Israël Cinéma Réalisatrice & Actrice Natalie {Portman}
25%
France Cinéma Réalisateur & Acteur Patrice {Chéreau}
25%
France Cinéma Réalisateur & Acteur Pierre {Richard}
25%
France Cinéma Réalisateur & Acteur Richard {Bohringer}
25%
France Cinéma Réalisatrice & Actrice Sandrine {Bonnaire}
25%
Italie Cinéma Réalisateur Franco {Zeffirelli}
13%
Inde Cinéma Réalisateur Ismaïl {Merchant}
13%
France Cinéma Acteur Jean {Piat}
13%
Italie Cinéma Réalisateur Marco {Bellocchio}
13%
France Musique Compositeur Michel {Legrand}
13%
France Cinéma Réalisatrice Yasmina {Reza}
13%
Italie Cinéma Réalisateur Ettore [Scola}
0%
France Cinéma Réalisateur Georges [Lautner}
0%
France Cinéma Acteur Michel {Piccoli}
0%
France Cinéma Actrice {Miou-Miou}
0%
France Cinéma Réalisateur Richard {Dembo}
0%
Aucun quiz correspondant
Distribution des résultats
% des personnes avec chaque résultat
Percentile par nombre de réponses
Votre historique - résultats
Vous n’avez pas pris ce quiz